| 000 | 00543cam a22002171 4500 | ||
|---|---|---|---|
| 001 | sa 67007457 | ||
| 003 | DLC | ||
| 005 | 20260227112416.0 | ||
| 008 | 890925s1966 ii 000 0 urd | ||
| 010 | _asa 67007457 | ||
| 035 | _a(OCoLC)23541520 | ||
| 040 |
_aDLC _cMiU _dOCoLC _dTxU _dDLC |
||
| 042 | _apremarc | ||
| 050 | 0 | 0 |
_aBP70 _b.M75 |
| 100 | 0 |
_aMuḥammad Ismāʼīl Pānīpatī, _d1893- |
|
| 245 | 1 | 0 | _aDas bare Musalmȧn |
| 260 | _c1966. | ||
| 300 |
_a10 v. in l. _c18 cm. |
||
| 500 | _aIn Urdu. | ||
| 650 | 0 |
_aMuslims _xBiography |
|
| 999 |
_c76605 _d76605 |
||